32-島根県の市町村クイズ(1999年) - Statistics

General Stats
  • This quiz has been taken 123 times
  • The average score is 37 of 59
Answers on the Map
Answers color-coded by a green-red scale on the quiz's map according to % correct below.
 
Answer Stats
Answer % Correct
松江まつえ
89%
知夫ちぶむら
86%
津和野つわのちょう
86%
浜田はまだ
86%
出雲いずも
84%
大田おおだ
84%
大社たいしゃまち
84%
益田ますだ
84%
海士あまちょう
82%
江津ごうつ
82%
西にししまちょう
82%
安来やすぎ
82%
平田ひらた
77%
川本かわもとまち
75%
宍道しんじちょう
75%
美保関みほのせきちょう
75%
東出雲ひがしいずもちょう
73%
斐川ひかわちょう
73%
木次きすきちょう
70%
島根しまねちょう
66%
多伎たきちょう
64%
玉湯たまゆちょう
64%
八束やつかちょう
64%
石見いわみちょう
61%
邑智おおちちょう
61%
湖陵こりょうちょう
61%
西郷さいごうちょう
61%
仁摩にまちょう
61%
五箇ごかむら
59%
三隅みすみちょう
59%
六日市むいかいちちょう
59%
横田よこたちょう
59%
柿木かきのきむら
57%
鹿島かしまちょう
57%
加茂かもまち
57%
大東だいとうちょう
57%
仁多にたちょう
57%
日原にちはらちょう
57%
伯太はくたちょう
57%
羽須美はすみむら
57%
弥栄やさかむら
57%
掛合かけやまち
55%
金城かなぎちょう
55%
匹見ひきみちょう
55%
八雲やくもむら
55%
温泉津ゆのつまち
55%
桜江さくらえちょう
52%
都万つまむら
52%
広瀬ひろせまち
52%
佐田さだちょう
50%
美都みとちょう
50%
三刀屋みとやちょう
50%
大和だいわむら
48%
布施ふせむら
48%
赤来あかぎちょう
45%
頓原とんばらちょう
45%
瑞穂みずほちょう
45%
あさひちょう
41%
吉田よしだむら
41%
No matching quizzes found
Score Distribution
Percent of People with Each Score
Percentile by Number Answered
Your Score History
You have not taken this quiz